[Event "LSS OP-2009-0-00886"]
[Site "LSS email"]
[Date "2009.06.27"]
[Round "?"]
[White "Van Esbroeck, Jeff"]
[Black "Arocha, Fernando"]
[Result "1-0"]
[WhiteElo "1800"]
[BlackElo "1066"]
[PlyCount "47"]
[EventDate "2009.06.21"]
[EventType "tourn (corr)"]
[EventRounds "4"]
[EventCountry "GER"]
[SourceTitle "Corr 2011"]
[Source "ChessBase"]
[SourceDate "2010.08.31"]
[SourceVersion "1"]
[SourceVersionDate "2010.08.31"]
[SourceQuality "1"]

1. e4 e5 2. Nf3 Nc6 3. Bb5 d6 4. Nc3 Bd7 5. 0-0 Nf6 6. d4 h6 7. d5 Ne7 8. Qd3 c6 9. dxc6 bxc6 10. Ba6 Rb8 11. Qxd6 Ng6 12. Qd3 Be7 13. Rd1 0-0 14. Bc4 Nf4 15. Bxf4 exf4 16. Ne5 Be6 17. Bxe6 fxe6 18. Nxc6 Qxd3 19. Rxd3 Rb7 20. e5 Ne8 21. Rad1 Rc7 22. Rd7 Rxc6 23. Rxe7 a5 24. Rd8 1-0

[Event "LSS OP-2009-0-00858"]
[Site "LSS email"]
[Date "2009.05.27"]
[Round "?"]
[White "Arocha, Fernando"]
[Black "Laureles, Raymundo"]
[Result "0-1"]
[WhiteElo "1037"]
[BlackElo "1235"]
[PlyCount "30"]
[EventDate "2009.05.23"]
[EventType "tourn (corr)"]
[EventRounds "4"]
[EventCountry "GER"]
[SourceTitle "Corr 2013"]
[Source "ChessBase"]
[SourceDate "2012.11.12"]
[SourceVersion "1"]
[SourceVersionDate "2012.11.12"]
[SourceQuality "1"]

1. e4 e6 2. Nf3 d5 3. Nc3 c5 4. d3 Nf6 5. Bg5 d4 6. Ne2 Be7 7. h3 Nc6 8. c3 0-0 9. cxd4 cxd4 10. a3 Qb6 11. Qc2 Bd7 12. g3 h6 13. Bd2 Rac8 14. Bg2 Nb4 15. Qb3 Nc2+ 0-1

[Event "LSS OP-2009-0-00858"]
[Site "LSS email"]
[Date "2009.05.27"]
[Round "?"]
[White "Jokmin, Alex"]
[Black "Arocha, Fernando"]
[Result "1-0"]
[WhiteElo "1172"]
[BlackElo "1156"]
[PlyCount "69"]
[EventDate "2009.05.23"]
[EventType "tourn (corr)"]
[EventRounds "4"]
[EventCountry "GER"]
[SourceTitle "Corr 2011"]
[Source "ChessBase"]
[SourceDate "2010.08.31"]
[SourceVersion "1"]
[SourceVersionDate "2010.08.31"]
[SourceQuality "1"]

1. d4 d5 2. c4 c6 3. Nf3 h6 4. cxd5 cxd5 5. Bf4 Nc6 6. e3 e6 7. Bb5 Bd7 8. 0-0 Nf6 9. Nc3 a6 10. Ba4 Be7 11. Ne5 b5 12. Nxc6 Bxc6 13. Bb3 0-0 14. Rc1 Bd6 15. Bxd6 Qxd6 16. a3 Rfe8 17. Na2 Rac8 18. Nb4 Bb7 19. Qd2 a5 20. Nd3 a4 21. Ba2 Ne4 22. Qe2 Nf6 23. Rxc8 Rxc8 24. Rc1 Rxc1+ 25. Nxc1 Bc6 26. Nd3 h5 27. Nf4 g6 28. Qd3 Kg7 29. Bb1 Ne4 30. f3 g5 31. Nxh5+ Kh6 32. g4 e5 33. fxe4 exd4 34. exd5 Qxd5 35. Qh7# 1-0

[Event "LSS RF-2009-0-00033"]
[Site "LSS email"]
[Date "2009.05.25"]
[Round "?"]
[White "Arocha, Fernando"]
[Black "Jokmin, Alex"]
[Result "1-0"]
[WhiteElo "1156"]
[BlackElo "1172"]
[PlyCount "27"]
[EventDate "2009.04.06"]
[EventType "tourn (corr)"]
[EventRounds "6"]
[EventCountry "GER"]
[SourceTitle "Corr 2013"]
[Source "ChessBase"]
[SourceDate "2012.11.12"]
[SourceVersion "1"]
[SourceVersionDate "2012.11.12"]
[SourceQuality "1"]

1. e4 e5 2. Nf3 Nc6 3. d4 f6 4. Bc4 Bb4+ 5. c3 Ba5 6. Be3 exd4 7. Nxd4 Nge7 8. 0-0 d6 9. Qh5+ g6 10. Qh6 d5 11. exd5 Nxd5 12. Qg7 Rf8 13. Qxh7 Be6 14. Nxe6 1-0

[Event "LSS RF-2009-0-00033"]
[Site "LSS email"]
[Date "2009.05.25"]
[Round "?"]
[White "Garcia, Sergio"]
[Black "Arocha, Fernando"]
[Result "1-0"]
[WhiteElo "800"]
[BlackElo "1156"]
[PlyCount "91"]
[EventDate "2009.04.06"]
[EventType "tourn (corr)"]
[EventRounds "6"]
[EventCountry "GER"]
[SourceTitle "Corr 2011"]
[Source "ChessBase"]
[SourceDate "2010.08.31"]
[SourceVersion "1"]
[SourceVersionDate "2010.08.31"]
[SourceQuality "1"]

1. c4 e5 2. Nc3 Nc6 3. g3 Bc5 4. Bg2 Qf6 5. Nf3 d6 6. Nd5 Qd8 7. d3 h6 8. 0-0 Be6 9. a3 Nf6 10. Nxf6+ gxf6 11. b4 Bb6 12. b5 Ne7 13. a4 Qd7 14. Bd2 0-0-0 15. a5 Bc5 16. a6 f5 17. axb7+ Kb8 18. Qa4 d5 19. Bb4 Qd6 20. Bxc5 Qxc5 21. Nxe5 Kxb7 22. Qa3 Qxa3 23. Rxa3 c6 24. bxc6+ Nxc6 25. Rb1+ Kc7 26. Nxc6 Kxc6 27. Rxa7 Rb8 28. Rxb8 Rxb8 29. Bxd5+ Bxd5 30. cxd5+ Kxd5 31. Rxf7 Ke5 32. Rh7 Rb6 33. f4+ Kd5 34. Rd7+ Ke6 35. Rh7 Kd5 36. e3 Rb3 37. Rxh6 Rxd3 38. Rh5 Ke4 39. Kg2 Rxe3 40. Rh8 Re2+ 41. Kh3 Kf3 42. Rf8 Ke4 43. Re8+ Kf3 44. Rxe2 Kxe2 45. Kh4 Kf3 46. Kg5 1-0

[Event "LSS BI-2009-P-00003"]
[Site "LSS email"]
[Date "2009.04.19"]
[Round "?"]
[White "Arocha, Fernando"]
[Black "Pintor, Manuel Abranches"]
[Result "0-1"]
[WhiteElo "1156"]
[BlackElo "2178"]
[PlyCount "48"]
[EventDate "2009.04.20"]
[EventType "tourn (corr)"]
[EventRounds "10"]
[EventCountry "GER"]
[SourceTitle "Corr 2011"]
[Source "ChessBase"]
[SourceDate "2010.08.31"]
[SourceVersion "1"]
[SourceVersionDate "2010.08.31"]
[SourceQuality "1"]

1. e4 e5 2. Nf3 Nc6 3. a3 Bc5 4. Nc3 Nf6 5. d3 Ng4 6. Be3 Nxe3 7. fxe3 Bxe3 8. Qe2 Nd4 9. Nxd4 Bxd4 10. 0-0-0 0-0 11. Qf3 Bxc3 12. bxc3 Qe7 13. d4 Qxa3+ 14. Kd2 Qe7 15. Bd3 d6 16. Rhf1 a5 17. Bb5 exd4 18. cxd4 Qg5+ 19. Ke1 Qxb5 20. Kf2 a4 21. Kg1 a3 22. Ra1 a2 23. Rf2 Qb2 24. Qd1 Bg4 0-1

[Event "LSS OP-2009-0-00803"]
[Site "LSS email"]
[Date "2009.03.31"]
[Round "?"]
[White "Arocha, Fernando"]
[Black "Myatt, John R"]
[Result "0-1"]
[WhiteElo "1400"]
[BlackElo "1636"]
[PlyCount "42"]
[EventDate "2009.03.28"]
[EventType "tourn (corr)"]
[EventRounds "4"]
[EventCountry "GER"]
[SourceTitle "Corr 2011"]
[Source "ChessBase"]
[SourceDate "2010.08.31"]
[SourceVersion "1"]
[SourceVersionDate "2010.08.31"]
[SourceQuality "1"]

1. e4 c5 2. Nf3 d6 3. Bc4 Nf6 4. Nc3 a6 5. 0-0 b5 6. Be2 Bb7 7. d3 e6 8. a3 Nc6 9. Bg5 Be7 10. a4 b4 11. Na2 0-0 12. Nc1 c4 13. dxc4 Nxe4 14. Bxe7 Qxe7 15. Bd3 f5 16. Re1 Qf6 17. Ra2 Na5 18. Bxe4 fxe4 19. Nd2 Qxf2+ 20. Kh1 e3 21. Re2 Bxg2# 0-1

[Event "LSS RD-2009-0-00019"]
[Site "LSS email"]
[Date "2009.03.31"]
[Round "?"]
[White "Arocha, Fernando"]
[Black "Schalkwijk, Peter H"]
[Result "0-1"]
[WhiteElo "1400"]
[BlackElo "1464"]
[PlyCount "64"]
[EventDate "2009.01.23"]
[EventType "tourn (corr)"]
[EventRounds "6"]
[EventCountry "GER"]
[SourceTitle "Corr 2011"]
[Source "ChessBase"]
[SourceDate "2010.08.31"]
[SourceVersion "1"]
[SourceVersionDate "2010.08.31"]
[SourceQuality "1"]

1. e4 c5 2. Nc3 Nc6 3. Nf3 Nf6 4. d4 d5 5. Bd3 Nxe4 6. Bxe4 dxe4 7. Nxe4 cxd4 8. 0-0 e5 9. Bd2 Be7 10. Re1 Qc7 11. Ng3 0-0 12. Bg5 Bxg5 13. Nxg5 h6 14. N5e4 f5 15. Nc5 b6 16. Nd3 e4 17. Nc1 Be6 18. a3 Rad8 19. Nce2 Qe5 20. Qd2 e3 21. fxe3 dxe3 22. Qc3 Qxc3 23. Nxc3 f4 24. Nge2 g5 25. b3 Bf5 26. Rac1 Rd2 27. Nb1 Bxc2 28. b4 Ne5 29. Nec3 f3 30. Rxe3 Rxg2+ 31. Kf1 Ng4 32. Rxf3 Ne3+ 0-1

[Event "LSS RD-2009-0-00019"]
[Site "LSS email"]
[Date "2009.03.31"]
[Round "?"]
[White "Arocha, Fernando"]
[Black "Taffijn, Aadrian"]
[Result "0-1"]
[WhiteElo "1400"]
[BlackElo "1550"]
[PlyCount "40"]
[EventDate "2009.01.23"]
[EventType "tourn (corr)"]
[EventRounds "6"]
[EventCountry "GER"]
[SourceTitle "Corr 2011"]
[Source "ChessBase"]
[SourceDate "2010.08.31"]
[SourceVersion "1"]
[SourceVersionDate "2010.08.31"]
[SourceQuality "1"]

1. e4 e5 2. Nf3 Nc6 3. d3 Nf6 4. Nc3 d5 5. exd5 Nxd5 6. h3 Be7 7. Be3 Nxe3 8. fxe3 Bh4+ 9. Ke2 0-0 10. Rg1 Be7 11. d4 exd4 12. exd4 Bf6 13. d5 Qe7+ 14. Kf2 Qc5+ 15. Kg3 Qd6+ 16. Kf2 Ne5 17. Be2 Qb6+ 18. Kf1 Nxf3 19. gxf3 Bxh3+ 20. Rg2 Bh4 0-1

[Event "LSS RD-2009-0-00019"]
[Site "LSS email"]
[Date "2009.03.31"]
[Round "?"]
[White "Bokros, Janos"]
[Black "Arocha, Fernando"]
[Result "1-0"]
[WhiteElo "1728"]
[BlackElo "1400"]
[PlyCount "37"]
[EventDate "2009.01.23"]
[EventType "tourn (corr)"]
[EventRounds "6"]
[EventCountry "GER"]
[SourceTitle "Corr 2011"]
[Source "ChessBase"]
[SourceDate "2010.08.31"]
[SourceVersion "1"]
[SourceVersionDate "2010.08.31"]
[SourceQuality "1"]

1. e4 e5 2. Nf3 Nc6 3. Bb5 d6 4. Nc3 Nf6 5. 0-0 a6 6. Bxc6+ bxc6 7. d4 exd4 8. Qxd4 c5 9. Qe3 Bb7 10. e5 dxe5 11. Qxe5+ Qe7 12. Qf5 g6 13. Qh3 Bxf3 14. Qxf3 Qd8 15. Qc6+ Nd7 16. Re1+ Be7 17. Bh6 f5 18. Nd5 Kf7 19. Qe6+ 1-0

[Event "LSS OP-2008-0-00478"]
[Site "LSS email"]
[Date "2008.02.15"]
[Round "?"]
[White "Arocha, Fernando"]
[Black "Gyongyosi, Peter Laszlo"]
[Result "0-1"]
[WhiteElo "1037"]
[BlackElo "914"]
[PlyCount "28"]
[EventDate "2008.02.14"]
[EventType "tourn (corr)"]
[EventRounds "4"]
[EventCountry "GER"]
[SourceTitle "Corr 2013"]
[Source "ChessBase"]
[SourceDate "2012.11.12"]
[SourceVersion "1"]
[SourceVersionDate "2012.11.12"]
[SourceQuality "1"]

1. e4 d5 2. d3 dxe4 3. dxe4 Qxd1+ 4. Kxd1 e5 5. Bd3 Nc6 6. h3 Nf6 7. Nc3 a6 8. Nf3 Be7 9. Be3 0-0 10. a3 b5 11. Nd5 Bd6 12. Nxf6+ gxf6 13. Kd2 Kg7 14. c4 bxc4 0-1